Arnold Schwarzenegger Costars - Statistics

General Stats
  • This quiz has been taken 46 times
  • The average score is 7 of 20
Answers on the Grid
Answers color-coded by a green-red scale on the quiz's grid according to % correct below.
Sylvester Stallone
Roseanne Barr
Bill Duke
Carl Weathers
Jesse Ventura
Robert Duvall
OJ Simpson
Johnny Depp
Terrence Howard
James Caan
Evangeline Lilly
Edward Furlong
Abigail Breslin
Milla Jovovich
Paul Rudd
Jet Li
Clark Gregg
Kurt Russell
Rosario Dawson
Billy Idol
Linda Hamilton
James Earl Jones
Virginia Madsen
Mr. T
Michael Rooker
Tim Roth
Clancy Brown
Bruce Willis
Robert Patrick
Peter Capaldi
Sam Worthington
Dwayne Johnson
Angelina Jolie
Steven Seagal
Michael Biehn
Dean Norris
Sharon Stone
Krysten Ritter
Zoe Saldana
 
Answer Stats
Answer % Correct
Sylvester Stallone
89%
Carl Weathers
69%
Jesse Ventura
66%
Linda Hamilton
60%
Edward Furlong
54%
Jet Li
49%
Bruce Willis
46%
Robert Patrick
40%
Sharon Stone
37%
Bill Duke
34%
Michael Biehn
31%
James Caan
26%
James Earl Jones
26%
Abigail Breslin
11%
Dean Norris
11%
Dwayne Johnson
11%
Robert Duvall
11%
Sam Worthington
11%
Michael Rooker
9%
Terrence Howard
9%
No matching quizzes found
Score Distribution
Percent of People with Each Score
Percentile by Number Answered
Your Score History
You have not taken this quiz